000 01671nam a22003857a 4500
999 _c21228
_d21228
003 AR-CdUCM
008 190228b ||||| |||| 00| 0 spa d
040 _aMUNICIPALIDAD PROVINCIAL DEL CUSCO
_cBIBLIOTECA MUNICIPAL DEL CUSCO
082 _a631.45 / C43
_bC43
110 _aCentro de Estudios Regionales Bartolomé de Las Casas Cusco
_944329
245 _aII congreso internacional de terrazas :
_bencuentro de culturas y saberes de terrazas del mundo /
260 _aCusco :
_bCentro Bartolomé de Las Casas ,
_c2015.
300 _a395 paginas :
_bilustraciones,
_c23 cm.
440 _aEcología y Desarrollo.
_n6015
_944330
505 _aContenido: Manejo de agua, suelos y servicios ecosistémicos asociados con cambio climático -- Andenes y amunas su importancia en tiempos de cambio climático -- Cultura y manejo del agua en andenes en el valle del Colca -- Agrobiodiversidad soberanía y seguridad alimentaria y nutricional -- Moray centro ceremonial para crianza ritual de la diversidad de semillas ...
650 _aTerrazas
_944331
650 _aAndenes
_944332
650 _aInterculturalidad
_97556
650 _aCosmovición
_944333
650 _aAgroviodiversidad
_944334
650 _aManejo de cuencas
_944335
650 _aSistemas agrícolas
_922836
650 _aAgua
_919441
650 _aTecnología agrícola
_922349
650 _aCambios climáticos
_922350
650 _aPerú
_944336
650 _aJapón
_98219
650 _aChina
_9843
650 _aEspaña
_9176
650 _aIslas Canarias
_944337
700 _aTillmann, Timmi
_944338
700 _aBueno de Mesquita, Maurik
_944339
942 _2ddc
_cLIBROS
945 _aRoel